| 000 | 02200cam a22004694i 4500 | ||
|---|---|---|---|
| 003 | PE-LiUPU | ||
| 005 | 20250731173359.0 | ||
| 008 | 150706s2009 miua r 000 0 spa d | ||
| 020 | _a9780825412950 | ||
| 035 | _a(Sirsi) i9780825412950 | ||
| 040 |
_aPE-LiUPU _bspa _cPE-LiUPU _erda |
||
| 049 | _aPRUA | ||
| 082 | 0 | 4 |
_a248.8 _bH27 _221 |
| 100 | 1 |
_aHawkins, David, _eautor. |
|
| 245 | 1 | 0 |
_a¡Acabe con las adicciones cotidianas! : _bponga fin a esos malos hábitos que le controlan / _cDavid Hawkins. |
| 264 | 1 |
_aMichigan : _bPortavoz, _c2009. |
|
| 300 |
_a250 páginas : _bilustraciones ; _c22 centímetros |
||
| 336 |
_atext _2rdacontent |
||
| 337 |
_aunmediated _2rdamedia |
||
| 338 |
_avolume _2rdacarrier |
||
| 505 | 0 | _a¿Qué son las adiciones cotidianas? -- Desfile de adictos. Elefantes distantes -- Negación: ni siquiera noto que miento -- La adicción que acecha su hogar -- Anatomía de las adicciones -- Bajo la influencia -- Dar la talla -- Sanidad sexual -- ¡Hasta que no termine su trabajo! -- Recuperar sus pérdidas -- Cuando complacer a otros le hace daño -- Cómo ponerles nombre a nuestras adicciones y sanarlas -- Cómo hacer frente a nuestras adicciones -- Cómo abandonar nuestras adicciones -- Cómo sanar nuestras adicciones. | |
| 526 | _aSEG42 | ||
| 526 | _aSEG41 | ||
| 526 | _aSEG40 | ||
| 526 | _aSEG39 | ||
| 526 | _aP94 | ||
| 526 | _aP87 | ||
| 526 | _aP86 | ||
| 526 | _aP85 | ||
| 526 | _aP77 | ||
| 526 | _aP76 | ||
| 526 | _aP35 | ||
| 541 | _g001-0000495; | ||
| 650 | 1 | 4 |
_aConducta compulsiva _xAspectos religiosos _xCristianismo. |
| 650 | 2 | 4 |
_aAdictos _xVida religiosa. |
| 910 |
_agl _bjv _clch _d20100202 |
||
| 942 |
_2ddc _cBOOK |
||
| 949 |
_a248.8 H27 _wDEWEY _c1 _i62475 _d2015-8-26 _e2015-8-26 _lCCODEBUL1 _mBUL _n1 _p11.00 _r0 _sY _tBOOK _u2015-7-6 _xTEOLOGIA _PP35 _0COMPRA _o.STAFF. Colección Teología |
||
| 994 |
_aC0 _bPEPRU |
||
| 596 | _a1 | ||
| 999 |
_a248.8 H27 _wDEWEY _c51535 _i62475 _d51535 _e2018-6-15 _f2021-11-10 _g5 _lCCODEBUL1 _mBUL _n2 _p11.00 _q1 _r0 _sY _tBOOK _u2015-7-6 _xTEOLOGIA _PP35 _0COMPRA _o.STAFF. Colección Teología |
||
| 980 |
_81 _gALBERTO SANCHEZ Responsable de Automatización |
||